| 000 | 00639cam a2200217ua 4500 | ||
|---|---|---|---|
| 005 | 20260515114829.0 | ||
| 008 | 200210n ii |||gr||||Z||||||eng | ||
| 020 | _a9789382267041 | ||
| 040 |
_cMAIN _aIN-DiNC |
||
| 041 | _deng | ||
| 082 |
_a821 _bLOV |
||
| 245 |
_aLove canonized: _bthe poetry of Spenser and Donne/ _cedited by Aruni Mahapatra, Hannah Varkey and Kanav Gupta |
||
| 260 |
_aDelhi: _bWorldview, _c2014. |
||
| 300 | _axvi, 436p. | ||
| 650 | _aEnglish poetry | ||
| 653 | _aEnglish poetry | ||
| 700 |
_aMahapatra, Aruni _eEditor |
||
| 700 |
_aVarkey, Hannah _eEditor |
||
| 700 |
_aGupta, Kanav _eEditor |
||
| 942 |
_cBK _2ddc |
||
| 999 |
_c10810 _d10810 |
||